De los sinónimos en la lamentación del alma pecadora / (Record n. 19407)
[ formato base ]
| 000 -LEADER | |
|---|---|
| fixed length control field | 00819nam a2200241 i 4500 |
| 003 - CONTROL NUMBER IDENTIFIER | |
| control field | IT-RoINE |
| 005 - DATE AND TIME OF LATEST TRANSACTION | |
| control field | 20200713054938.0 |
| 008 - FIXED-LENGTH DATA ELEMENTS--GENERAL INFORMATION | |
| fixed length control field | 920725s1944 sp r | spa d |
| 040 ## - CATALOGING SOURCE | |
| Original cataloging agency | IT-RoINE |
| 041 1# - LANGUAGE CODE | |
| Language code of text/sound track or separate title | spa |
| 100 0# - MAIN ENTRY--PERSONAL NAME | |
| Personal name | Isidoro, |
| 9 (RLIN) | 5667 |
| Titles and other words associated with a name | Santo, Arzobispo de Sevilla, |
| Dates associated with a name | 560-636 |
| 245 10 - TITLE STATEMENT | |
| Title | De los sinónimos en la lamentación del alma pecadora / |
| Statement of responsibility, etc | San Isidoro de Sevilla ; traducción literal e introducción por el M. I. Sr. D. Martín Andréu Valdés Solís. |
| 260 ## - PUBLICATION, DISTRIBUTION, ETC. (IMPRINT) | |
| Place of publication, distribution, etc | Madrid : |
| Name of publisher, distributor, etc | Aspas, |
| Date of publication, distribution, etc | 1944. |
| 300 ## - PHYSICAL DESCRIPTION | |
| Extent | 106 p. ; |
| Dimensions | 17 cm. |
| 336 ## - CONTENT TYPE | |
| Source | rdacontent |
| Content type term | text |
| 337 ## - MEDIA TYPE | |
| Source | rdamedia |
| Media type term | unmediated |
| 338 ## - CARRIER TYPE | |
| Source | rdacarrier |
| Carrier type term | volume |
| 490 0# - SERIES STATEMENT | |
| Series statement | Coleccíon excelsa ; |
| Volume number/sequential designation | 15 |
| 700 1# - ADDED ENTRY--PERSONAL NAME | |
| Personal name | Valdés Solís, Martín Andréu |
| 9 (RLIN) | 38526 |
| 830 ## - SERIES ADDED ENTRY--UNIFORM TITLE | |
| 9 (RLIN) | 38392 |
| Uniform title | Colección excelsa |
| Volume number/sequential designation | 15 |
| 942 ## - ADDED ENTRY ELEMENTS (KOHA) | |
| Item type | Monografías |
| 956 ## - LOCAL ELECTRONIC LOCATION AND ACCESS (OCLC) | |
| Host name | 1 |
| Withdrawn status | Lost status | Damaged status | Not for loan | Home library | Current library | Date acquired | Total Checkouts | Full call number | Barcode | Date last seen | Price effective from | Koha item type |
|---|---|---|---|---|---|---|---|---|---|---|---|---|
| Iglesia Nacional Española en Roma | Iglesia Nacional Española en Roma | 12/09/2017 | PAT 25 | 43531 | 20/09/2017 | 12/09/2017 | Monografías |